=LDR 00000nam 2200000 4500 =001 INLIS000000000035028 =005 20130612140920 =008 ***********************************Ind** =035 ##$$0010-061300000035028 =041 ##$$a Ind =082 ##$$a 635.9 =090 ##$$a 635.9, Pur a =100 ##$$a Purwanto, Arie W =245 ##$$a Anthurium tanaman daun eksotik, Arie W Purwanto =260 ##$$a 2007 $b Yogyakarta =300 ##$$a 108 hlm, ilus, 22 cm =650 ##$$a Tanaman Hias =850 ##$$a NBPNMAT